[Event "Titled Tue 1st Jul Late"]
[Site "chess.com INT"]
[Date "2025.07.01"]
[Round "7"]
[White "Goryachkina, Aleksandra"]
[Black "Amdouni, Zoubaier"]
[Result "1-0"]
[WhiteTitle "GM"]
[BlackTitle "FM"]
[WhiteElo "2533"]
[BlackElo "2186"]
[WhiteFideId "4147103"]
[BlackFideId "5500419"]
[EventDate "2025.07.01"]

1. e4 c6 2. d4 d5 3. Nd2 dxe4 4. Nxe4 Bf5 5. Ng3 Bg6 6. h4 h6 7. Nf3 Nd7 8. Bd3
Bxd3 9. Qxd3 e6 10. Bf4 Qa5+ 11. Bd2 Bb4 12. c3 Be7 13. c4 Qc7 14. O-O-O b5 15.
c5 Ngf6 16. Ne4 Nxe4 17. Qxe4 Nf6 18. Qe2 O-O-O 19. Kb1 Nd5 20. g3 Bf6 21. Qe4
Rhe8 22. Rhe1 Kb7 23. g4 h5 24. g5 Be7 25. Ne5 Bf8 26. g6 f6 27. Nf7 Rd7 28. Bc1
Qa5 29. Qf3 Qc7 30. Re4 Qh2 31. Rh1 Qc7 32. Rhe1 a5 33. Rxe6 Rde7 34. Nd6+ Ka6
35. Nxe8 Rxe6 36. Nxc7+ Nxc7 37. Rxe6 Nxe6 38. Qxc6+ 1-0

[Event "Titled Tue 1st Jul Late"]
[Site "chess.com INT"]
[Date "2025.07.01"]
[Round "7"]
[White "Vila Dupla, Aurelio"]
[Black "Fomevor, Cephas Clinton"]
[Result "1-0"]
[WhiteTitle "FM"]
[BlackTitle "CM"]
[WhiteElo "2056"]
[BlackElo "1883"]
[WhiteFideId "2203383"]
[BlackFideId "12601330"]
[EventDate "2025.07.01"]

1. Nf3 d5 2. d4 Nf6 3. c4 c6 4. cxd5 cxd5 5. Nc3 Nc6 6. Bf4 a6 7. e3 Bg4 8. Be2
e6 9. h3 Bh5 10. O-O Bd6 11. Bxd6 Qxd6 12. Ne1 Bg6 13. Nd3 O-O 14. a3 b5 15. b4
Nd7 16. Nc5 Nb6 17. Qb3 Nc4 18. Rfd1 Ne7 19. a4 bxa4 20. Rxa4 a5 21. Bxc4 dxc4
22. Qxc4 axb4 23. Rxa8 Rxa8 24. Qxb4 Rb8 25. Qa3 Nd5 26. Nxd5 Qxd5 27. Qa7 Ra8
28. Qc7 h6 29. Rc1 Ra2 30. Nd7 Ra8 31. Ne5 Rf8 32. Ra1 Be4 33. f3 Bg6 34. Ra7
Qb3 35. Nxg6 Qxe3+ 36. Kh2 1-0

[Event "Titled Tue 1st Jul Late"]
[Site "chess.com INT"]
[Date "2025.07.01"]
[Round "7"]
[White "Tao, Sihan"]
[Black "Rustemov, Alexander"]
[Result "1/2-1/2"]
[WhiteTitle "FM"]
[BlackTitle "GM"]
[WhiteElo "2202"]
[BlackElo "2525"]
[WhiteFideId "30982677"]
[BlackFideId "4119002"]
[EventDate "2025.07.01"]

1. e4 e6 2. d4 d5 3. exd5 exd5 4. Nf3 Bf5 5. Bd3 Bxd3 6. Qxd3 Nc6 7. Bf4 Qd7 8.
c3 Nge7 9. Ne5 Nxe5 10. Bxe5 Ng6 11. O-O O-O-O 12. Re1 Nxe5 13. Rxe5 Bd6 14. Re2
Rhe8 15. Nd2 Rxe2 16. Qxe2 Re8 17. Qd3 g6 18. Nf3 Qa4 19. Qd1 Qb5 20. Qb3 Qxb3
21. axb3 Re2 22. Rb1 f6 23. Kf1 Re4 24. Nd2 Re6 25. Re1 Kd7 26. Rxe6 Kxe6 27. h3
Bf4 28. Ke2 a5 29. Kd1 Kf5 30. Nf3 Ke4 31. Ne1 h5 32. Ke2 Bd6 33. Nd3 Kf5 34.
Kf3 h4 35. Ke3 b6 36. Kf3 g5 37. g4+ Ke6 38. Ke3 f5 39. f3 c6 40. Ke2 b5 41. b4
axb4 42. cxb4 fxg4 43. fxg4 Bc7 44. Kd2 Bb6 45. Kc3 Bc7 46. Nc5+ Ke7 47. Nd3 Ke6
48. Nc5+ Ke7 49. Nd3 Ke6 1/2-1/2

[Event "Titled Tue 1st Jul Late"]
[Site "chess.com INT"]
[Date "2025.07.01"]
[Round "7"]
[White "Hua, Lefong"]
[Black "Vlassov, Nikolai"]
[Result "0-1"]
[WhiteTitle "FM"]
[BlackTitle "IM"]
[WhiteElo "2305"]
[BlackElo "2291"]
[WhiteFideId "2602253"]
[BlackFideId "4103360"]
[EventDate "2025.07.01"]

1. d4 Nf6 2. c4 Nc6 3. Nf3 e6 4. g3 Bb4+ 5. Bd2 a5 6. Bg2 d6 7. O-O e5 8. d5 Nb8
9. a3 Bc5 10. Nc3 O-O 11. e4 c6 12. Rb1 cxd5 13. cxd5 Na6 14. Qe2 Bd7 15. Rfc1
b5 16. Nxb5 Nxe4 17. Qxe4 Bxb5 18. b4 axb4 19. axb4 Bb6 20. Ng5 f5 21. Qe1 Qf6
22. Ne6 Rfc8 23. Bf1 Bxf1 24. Qxf1 Nc7 25. Nxc7 Rxc7 26. Rc6 Rb7 27. Rbc1 Ra2
28. R1c2 Rxc2 29. Rxc2 Bd4 30. Rc8+ Kf7 31. Qc4 f4 32. Be1 fxg3 33. hxg3 Kg6 34.
Rc7 Rxc7 35. Qxc7 Kh5 36. b5 Qg6 37. Kf1 Qd3+ 38. Kg2 Qe4+ 39. Kf1 Qd3+ 40. Kg2
Qxb5 41. Qxg7 Qxd5+ 42. Kh3 Qh1# 0-1

[Event "Titled Tue 1st Jul Late"]
[Site "chess.com INT"]
[Date "2025.07.01"]
[Round "7"]
[White "Marcziter, Dmitrii"]
[Black "Terletsky, Oleg"]
[Result "1-0"]
[WhiteTitle "FM"]
[BlackTitle "IM"]
[WhiteElo "2208"]
[BlackElo "2160"]
[WhiteFideId "13900765"]
[BlackFideId "14116774"]
[EventDate "2025.07.01"]

1. d4 Nf6 2. c4 g6 3. Nf3 Bg7 4. g3 O-O 5. Bg2 d6 6. Nc3 Nbd7 7. O-O e5 8. Qc2
exd4 9. Nxd4 Re8 10. Rd1 c6 11. b3 Nb6 12. Bb2 d5 13. cxd5 Nbxd5 14. Nxd5 cxd5
15. Rac1 Bg4 16. h3 Rc8 17. Qd3 Bd7 18. Rxc8 Qxc8 19. Kh2 Ne4 20. Rc1 Qb8 21.
Kg1 Qe5 22. Rc2 Qh5 23. g4 Qh4 24. e3 h5 25. Nf3 Qe7 26. Bxg7 Kxg7 27. gxh5 Bc6
28. hxg6 fxg6 29. Qd4+ Kh7 30. Nd2 Qg5 31. Nf3 Qh5 32. Qxa7 Kh6 33. Qd4 Rf8 34.
Qe5 Qxe5 35. Nxe5 Bb5 36. Ng4+ Kg5 37. Rc7 Bc6 38. Bxe4 dxe4 39. Ne5 Kf5 40.
Nxc6 bxc6 41. Rxc6 Rd8 42. Rc2 g5 43. Kg2 Rd5 44. Rb2 g4 45. hxg4+ Kxg4 46. b4
Rg5 47. b5 Kh4+ 48. Kf1 Kg4 49. Ke2 1-0

[Event "Titled Tue 1st Jul Late"]
[Site "chess.com INT"]
[Date "2025.07.01"]
[Round "7"]
[White "Przybylski, Wojciech"]
[Black "Shendrik, Zhanna"]
[Result "1-0"]
[WhiteTitle "FM"]
[BlackTitle "WCM"]
[WhiteElo "2340"]
[BlackElo "1990"]
[WhiteFideId "1117599"]
[BlackFideId "24106160"]
[EventDate "2025.07.01"]

1. e4 c5 2. Nf3 e6 3. b3 d6 4. Bb2 Nf6 5. Nc3 Be7 6. g3 O-O 7. Bg2 Nc6 8. O-O e5
9. h3 Nd4 10. d3 Rb8 11. Kh2 b5 12. Ne2 h6 13. c3 Nxf3+ 14. Bxf3 Be6 15. d4 cxd4
16. cxd4 Qb6 17. Qd2 Rfd8 18. Rac1 d5 19. exd5 Nxd5 20. Bg2 Bg5 21. f4 exf4 22.
gxf4 Bf6 23. Ng3 Qd6 24. Ne4 Qb6 25. Nc5 Bf5 26. Rce1 a5 27. Ne4 Be7 28. Ng3 Bh7
29. a3 Bh4 30. Re5 Nf6 31. Nf5 g5 32. Nxh4 gxh4 33. f5 Qd6 34. Qf4 Kg7 35. Qxh4
Re8 36. Qg3+ Kh8 37. Qf4 1-0

[Event "Titled Tue 1st Jul Late"]
[Site "chess.com INT"]
[Date "2025.07.01"]
[Round "7"]
[White "Deichmann, Esteban Horacio"]
[Black "Dubnevych, Maksym"]
[Result "1-0"]
[BlackTitle "FM"]
[WhiteElo "2103"]
[BlackElo "2296"]
[WhiteFideId "167410"]
[BlackFideId "14184001"]
[EventDate "2025.07.01"]

1. e4 e5 2. Nf3 Nc6 3. d4 exd4 4. Nxd4 Nf6 5. Nxc6 bxc6 6. Bd3 d5 7. exd5 cxd5
8. O-O Be7 9. Nc3 O-O 10. Bg5 c6 11. h3 h6 12. Bf4 d4 13. Ne4 Nd5 14. Bg3 c5 15.
Rc1 Bb7 16. c4 dxc3 17. Nxc3 Nxc3 18. Rxc3 Qd5 19. f3 Bf6 20. Rc2 Rad8 21. Be2
Qxa2 22. Qc1 Qd5 23. Kh2 Bd4 24. Rd1 Rfe8 25. Bd3 Qe6 26. Re2 Qf6 27. Rde1 Rxe2
28. Rxe2 Bxf3 29. gxf3 Qxf3 30. Qd1 Bg1+ 31. Qxg1 Rxd3 32. Rg2 Qd5 33. Qe1 Kh7
34. Be5 g5 35. Bg3 f5 36. Qe7+ Kg6 37. h4 Rd2 38. h5+ Kxh5 39. Qe8+ Kg4 40. Bf2+
Qxg2+ 41. Kxg2 f4 42. Qe6+ 1-0

[Event "Titled Tue 1st Jul Late"]
[Site "chess.com INT"]
[Date "2025.07.01"]
[Round "7"]
[White "Nguyen Hong Nhung"]
[Black "Villa Tornero, Alex"]
[Result "0-1"]
[WhiteTitle "WFM"]
[BlackTitle "FM"]
[WhiteElo "2201"]
[BlackElo "2211"]
[WhiteFideId "12412201"]
[BlackFideId "54501091"]
[EventDate "2025.07.01"]

1. e4 Nf6 2. e5 Nd5 3. c4 Nb6 4. d4 d6 5. f4 dxe5 6. fxe5 Nc6 7. Be3 Bf5 8. Nc3
e6 9. Nf3 Be7 10. d5 exd5 11. cxd5 Nb4 12. Nd4 Bg6 13. Bb5+ Kf8 14. O-O Kg8 15.
e6 N4xd5 16. exf7+ Bxf7 17. Qf3 Bf6 18. Ne4 Nxe3 19. Nxf6+ Qxf6 20. Qxe3 Nd5 21.
Qd2 Qb6 22. Kh1 h6 23. Bc4 Rd8 24. Nf5 Kh7 25. Nxh6 Ne3 26. Bd3+ Rxd3 27. Qxd3+
Bg6 28. Nf5 Bxf5 29. Rxf5 Nxf5 30. Qxf5+ Qg6 31. Qd5 Re8 32. Qxb7 Re2 33. Rf1
Qf5 34. Rg1 Qf2 35. b4 Re1 0-1

[Event "Titled Tue 1st Jul Late"]
[Site "chess.com INT"]
[Date "2025.07.01"]
[Round "7"]
[White "Myagmarsuren, Evsuld"]
[Black "Mesquita, Eduardo Barbosa"]
[Result "0-1"]
[WhiteTitle "FM"]
[WhiteElo "2292"]
[BlackElo "2014"]
[WhiteFideId "1551639"]
[BlackFideId "22757163"]
[EventDate "2025.07.01"]

1. e4 c5 2. Nf3 d6 3. d4 cxd4 4. Nxd4 Nf6 5. Nc3 a6 6. Be3 e6 7. Be2 b5 8. a3
Bb7 9. Bf3 Nbd7 10. Qe2 Ne5 11. O-O-O Be7 12. g4 O-O 13. g5 Nfd7 14. h4 Rc8 15.
Rdg1 Rxc3 16. bxc3 Qa5 17. Nb3 Qxa3+ 18. Kb1 Nc4 19. Bc1 Qa4 20. h5 d5 21. exd5
Nde5 22. g6 fxg6 23. hxg6 Rxf3 24. Rxh7 Bxd5 25. Rgh1 Nxg6 26. R7h5 Nce5 27.
Rxe5 Nxe5 28. Qxe5 Bxb3 29. cxb3 Qxb3+ 30. Bb2 Rxf2 31. Qb8+ Kf7 32. Rh2 Qxb2# 0-1

[Event "Titled Tue 1st Jul Late"]
[Site "chess.com INT"]
[Date "2025.07.01"]
[Round "7"]
[White "Thake, Conrad"]
[Black "Hernandez Samayoa, Dilan Alexander"]
[Result "0-1"]
[WhiteTitle "CM"]
[WhiteElo "1873"]
[BlackElo "2006"]
[WhiteFideId "5602947"]
[BlackFideId "7306679"]
[EventDate "2025.07.01"]

1. e4 c5 2. Nf3 Nc6 3. d4 cxd4 4. Nxd4 Nf6 5. Nc3 d6 6. Be3 Ng4 7. Nxc6 bxc6 8.
Bf4 Qb6 9. Qd2 Qxb2 10. Rb1 Qa3 11. Bc4 g6 12. O-O Bg7 13. Rb3 Qa5 14. h3 Ne5
15. Bd3 Be6 16. Rb7 Nxd3 17. Qxd3 Qxc3 18. Bxd6 Qxd3 19. Rxe7+ Kf8 20. cxd3 Kg8
21. Rc7 Bd4 22. Rxc6 Kg7 23. e5 Rhc8 24. Rfc1 Rxc6 25. Rxc6 Bxa2 26. Kf1 a5 27.
Ke2 a4 28. f4 Bd5 29. Rc7 Bxg2 30. e6 Re8 31. Rxf7+ Kg8 0-1

[Event "Titled Tue 1st Jul Late"]
[Site "chess.com INT"]
[Date "2025.07.01"]
[Round "7"]
[White "Moussard, Jules"]
[Black "Zierk, Steven"]
[Result "1-0"]
[WhiteTitle "GM"]
[BlackTitle "GM"]
[WhiteElo "2597"]
[BlackElo "2489"]
[WhiteFideId "642908"]
[BlackFideId "2034255"]
[EventDate "2025.07.01"]

1. e4 c5 2. d4 cxd4 3. Qxd4 Nc6 4. Qd3 Nf6 5. Nc3 g6 6. Nf3 d6 7. Be2 Bg7 8. O-O
O-O 9. Nd5 Nd7 10. c3 Nc5 11. Qc2 e6 12. Ne3 a5 13. Rd1 Qc7 14. Nc4 d5 15. exd5
exd5 16. Rxd5 Ne7 17. Rd1 Bf5 18. Qd2 b5 19. Ne3 Rfd8 20. Nd4 Be4 21. Nxb5 Qb6
22. Nd4 Nc6 23. Nc4 Qb7 24. Bf1 Nxd4 25. cxd4 Bxd4 26. Qe1 Rd7 27. Be3 Ne6 28.
Nxa5 Qa7 29. Nc4 Rad8 30. Bxd4 Rxd4 31. Ne3 Nf4 32. Rxd4 Rxd4 33. Rd1 Rxd1 34.
Qxd1 Kg7 35. a4 f5 36. b4 Ne6 37. a5 f4 38. Nc4 g5 39. b5 1-0

[Event "Titled Tue 1st Jul Late"]
[Site "chess.com INT"]
[Date "2025.07.01"]
[Round "7"]
[White "Miserendino, Alfredo"]
[Black "Dobrosmyslov, Artem"]
[Result "0-1"]
[BlackTitle "FM"]
[WhiteElo "2032"]
[BlackElo "2260"]
[WhiteFideId "101800"]
[BlackFideId "24139521"]
[EventDate "2025.07.01"]

1. e4 e5 2. Nf3 Nf6 3. Nc3 Bb4 4. d4 Nxe4 5. Qd3 d5 6. dxe5 Bxc3+ 7. bxc3 Bf5 8.
Nd4 Bg6 9. Qb5+ Nd7 10. Qxb7 Nxe5 11. Bb5+ Kf8 12. Ba3+ Kg8 13. O-O Rb8 14. Qa6
Rb6 15. Qa4 Nxc3 16. Qa5 Nxb5 17. Nxb5 Nc4 18. Qa4 Rxb5 19. Qxb5 Nxa3 20. Qc5
Nxc2 21. Rad1 d4 22. h4 h5 23. Qxa7 Rh6 24. Rd2 d3 25. Rfd1 Qd6 26. Qa4 Bf5 27.
Qb3 Rg6 28. Rxd3 Bxd3 29. Rxd3 Qc6 30. Rc3 Qxg2# 0-1

[Event "Titled Tue 1st Jul Late"]
[Site "chess.com INT"]
[Date "2025.07.01"]
[Round "7"]
[White "Salinas Herrera, Pablo"]
[Black "Amar, Elham"]
[Result "0-1"]
[WhiteTitle "GM"]
[BlackTitle "GM"]
[WhiteElo "2447"]
[BlackElo "2589"]
[WhiteFideId "3407128"]
[BlackFideId "1533533"]
[EventDate "2025.07.01"]

1. e4 c6 2. d4 d5 3. exd5 cxd5 4. Bd3 Nc6 5. c3 Qc7 6. h3 e6 7. Nf3 Bd6 8. O-O
Nge7 9. Re1 O-O 10. b3 Ng6 11. c4 Bd7 12. Nc3 Bb4 13. Bb2 dxc4 14. bxc4 Na5 15.
c5 b6 16. a3 Bxc3 17. Bxc3 Nb7 18. Rc1 Bc6 19. Bf1 bxc5 20. dxc5 Rad8 21. Qe2
Rd5 22. Qe3 Rfd8 23. Nd4 h6 24. Ba1 Rg5 25. Nxc6 Qxc6 26. g3 Nh4 27. Rc3 Nf5 28.
Qc1 Nd4 29. Bg2 Qc7 30. c6 Nd6 31. Rc5 Nb3 32. Rxg5 Nxc1 33. Rxg7+ Kf8 34. Rxc1
Nf5 35. Rh7 Ke7 36. Rxh6 Nxh6 37. Bc3 Nf5 38. Bb4+ Ke8 0-1

[Event "Titled Tue 1st Jul Late"]
[Site "chess.com INT"]
[Date "2025.07.01"]
[Round "7"]
[White "Rees, Ioan"]
[Black "Li, Ben"]
[Result "1/2-1/2"]
[WhiteTitle "FM"]
[BlackTitle "IM"]
[WhiteElo "2280"]
[BlackElo "2356"]
[WhiteFideId "1801236"]
[BlackFideId "2089980"]
[EventDate "2025.07.01"]

1. Nf3 d5 2. g3 c5 3. Bg2 Nc6 4. d4 Nf6 5. O-O e6 6. c4 dxc4 7. dxc5 Qxd1 8.
Rxd1 Bxc5 9. Nbd2 c3 10. bxc3 O-O 11. Nb3 Be7 12. Nfd4 Bd7 13. a4 Rfc8 14. Nb5
Rd8 15. c4 h6 16. Be3 b6 17. Rxd7 Nxd7 18. Bxc6 Rac8 19. Nxa7 Rc7 20. Bxd7 Rdxd7
21. Bxb6 Rxa7 22. Bxa7 Rxa7 23. a5 Ra6 24. Kf1 Kf8 25. e3 Ke8 26. Ke2 Kd7 27.
Kd3 Kc6 28. Nd4+ Kc5 29. Kc3 Bf6 30. Kb3 Bd8 31. Kc3 Bf6 32. Ra2 h5 33. h3 g6
34. g4 hxg4 35. hxg4 g5 36. Kd3 Kb4 37. Rb2+ Kxa5 38. Ra2+ Kb6 39. Rxa6+ Kxa6
40. f4 gxf4 41. exf4 Kb6 42. Nf3 Be7 43. Ne5 f6 44. Nf3 Bd6 45. Nd4 Bxf4 46.
Nxe6 Be5 47. Ke4 Ba1 48. Kd5 Kb7 49. c5 Kc8 50. c6 Bb2 51. Ke4 Ba1 52. Kf5 Bb2
53. Kg6 Ba1 54. Kf7 Bb2 55. Ke7 Ba1 56. Kd6 Be5+ 57. Kd5 Ba1 58. Nc5 Kc7 59. Ne4
Bb2 60. Ke6 Kxc6 61. Nxf6 Bc1 62. Ne4 Kc7 63. Nc3 Kd8 64. Kf7 Kd7 65. Ne2 Be3
66. Kf6 Ke8 67. Kf5 Bh6 68. Nf4 Kf7 69. Nd5 Bd2 70. Nf4 Bxf4 71. Kxf4 Kf6 72.
g5+ Kg6 73. Kg4 Kg7 74. Kf5 Kf7 75. g6+ Kg7 76. Kg5 Kg8 77. Kf6 Kf8 78. g7+ Kg8
79. Kg6 1/2-1/2

[Event "Titled Tue 1st Jul Late"]
[Site "chess.com INT"]
[Date "2025.07.01"]
[Round "7"]
[White "Avalos Parra, Joao"]
[Black "Kochetkov, German"]
[Result "1-0"]
[WhiteTitle "FM"]
[BlackTitle "IM"]
[WhiteElo "2150"]
[BlackElo "2277"]
[WhiteFideId "3402541"]
[BlackFideId "13500635"]
[EventDate "2025.07.01"]

1. d4 d6 2. c4 e5 3. e3 Nc6 4. Be2 f5 5. Nf3 Nf6 6. O-O Be7 7. dxe5 dxe5 8. Nc3
Be6 9. Qa4 O-O 10. Rd1 Nd7 11. Nd5 Bd6 12. a3 e4 13. Nd4 Nxd4 14. Rxd4 Be5 15.
Rd1 c6 16. Nf4 Bf7 17. Rb1 Qc7 18. b4 g5 19. Nh5 Bxh5 20. Bxh5 g4 21. f4 exf3
22. gxf3 Nf6 23. f4 Nxh5 24. fxe5 Qxe5 25. Qa5 b5 26. cxb5 cxb5 27. Qa6 Rad8 28.
Bd2 g3 29. h3 Rxd2 30. Re1 1-0

[Event "Titled Tue 1st Jul Late"]
[Site "chess.com INT"]
[Date "2025.07.01"]
[Round "7"]
[White "Gutierrez Carmona, Juan Alejandro"]
[Black "Pica, Eleni"]
[Result "1-0"]
[WhiteTitle "FM"]
[BlackTitle "WCM"]
[WhiteElo "2036"]
[BlackElo "1686"]
[WhiteFideId "5106770"]
[BlackFideId "5910005"]
[EventDate "2025.07.01"]

1. a3 Nf6 2. e3 d5 3. h3 c5 4. Nf3 Nc6 5. Bb5 Bd7 6. c4 e6 7. O-O a6 8. cxd5
exd5 9. Bd3 Be7 10. Nc3 O-O 11. b3 d4 12. Ne2 dxe3 13. dxe3 Be6 14. Bb2 h6 15.
Rb1 Qc7 16. Qc2 Rad8 17. Rfd1 Na5 18. Nc1 Rd7 19. Be5 Qc8 20. Ba1 Rfd8 21. Ne5
Rc7 22. Qb2 c4 23. bxc4 Nxc4 24. Nxc4 Bxc4 25. Bc2 Rxd1+ 26. Bxd1 Bd5 27. Nd3
Be4 28. Qd4 Bxd3 29. Qxd3 Rd7 30. Qc2 Qxc2 31. Bxc2 Nd5 32. Bd4 Bf6 33. Be4 Bxd4
34. Bxd5 Rxd5 35. exd4 Rxd4 36. Rxb7 Ra4 37. Rb3 Kf8 38. Kf1 Ke7 39. Re3+ Kf6
40. Rf3+ Ke6 41. Re3+ Kf6 42. g3 Ra5 43. Rf3+ Ke6 44. h4 Ra4 45. Re3+ Kf6 46.
Ke2 Ra5 47. Rf3+ Ke6 48. Re3+ Kf6 49. f4 Ra4 50. Kf3 Kg6 51. Rc3 Ra5 52. g4 Kf6
53. Rc6+ Ke7 54. Rc3 Kf6 55. g5+ hxg5 56. hxg5+ Kg6 57. Rc6+ Kh7 58. Kg4 Ra4 59.
Rc3 Ra5 60. Rh3+ Kg8 61. f5 1-0

[Event "Titled Tue 1st Jul Late"]
[Site "chess.com INT"]
[Date "2025.07.01"]
[Round "7"]
[White "Korchynskyi, Mykola"]
[Black "Terkiewicz, Bruno"]
[Result "1/2-1/2"]
[WhiteTitle "FM"]
[BlackTitle "CM"]
[WhiteElo "2335"]
[BlackElo "2183"]
[WhiteFideId "34138005"]
[BlackFideId "21093245"]
[EventDate "2025.07.01"]

1. d4 Nf6 2. c4 g6 3. Nc3 Bg7 4. Nf3 O-O 5. Bf4 d6 6. e3 Nbd7 7. Be2 Nh5 8. Bg3
e5 9. dxe5 Nxg3 10. hxg3 Nxe5 11. Nxe5 Bxe5 12. Qc2 Bf5 13. Bd3 Bxd3 14. Qxd3
Qd7 15. O-O Rfe8 16. Rad1 Qc6 17. b3 a6 18. Nd5 Bg7 19. Rd2 Re5 20. Rfd1 Rae8
21. Qe2 Re4 22. Qf3 f5 23. Nf4 b5 24. cxb5 axb5 25. Nd5 Qb7 26. Rc2 c6 27. Nf4
d5 28. Rdc1 d4 29. exd4 Bxd4 30. Rxc6 Re1+ 31. Rxe1 Rxe1+ 32. Kh2 Qd7 33. Ra6
Re8 34. a4 bxa4 35. bxa4 Qg7 36. Qd5+ Kh8 37. Ne6 Qh6+ 38. Kg1 Qc1+ 39. Kh2 Qh6+
40. Kg1 Qc1+ 41. Kh2 Qh6+ 1/2-1/2

[Event "Titled Tue 1st Jul Late"]
[Site "chess.com INT"]
[Date "2025.07.01"]
[Round "7"]
[White "Holinka, Henning"]
[Black "Abraham, John Z"]
[Result "1/2-1/2"]
[WhiteTitle "FM"]
[WhiteElo "2303"]
[BlackElo "2108"]
[WhiteFideId "12967084"]
[BlackFideId "30987318"]
[EventDate "2025.07.01"]

1. Nf3 d5 2. g3 Nf6 3. Bg2 Bg4 4. O-O e6 5. d3 Nbd7 6. h3 Bh5 7. Nbd2 c6 8. e4
Qc7 9. Qe1 Bd6 10. b3 O-O 11. Bb2 e5 12. Nh4 dxe4 13. Nxe4 Nxe4 14. Bxe4 Bg6 15.
Nxg6 hxg6 16. Bg2 f5 17. Qd2 f4 18. Be4 g5 19. Rae1 Rf6 20. Qe2 Rh6 21. Kg2 Nc5
22. Qg4 Nxe4 23. Rxe4 Rf8 24. Qxg5 fxg3 25. Qxg3 Qf7 26. Bc1 Rg6 27. Rg4 e4 28.
Qe3 Qf3+ 29. Qxf3 exf3+ 30. Kh1 Rxg4 31. hxg4 Kf7 32. Re1 Rh8+ 33. Kg1 Bh2+ 34.
Kf1 Bf4 35. Kg1 Bh2+ 36. Kf1 Bf4 37. Kg1 Bxc1 38. Rxc1 Rh4 39. Re1 Rxg4+ 40. Kf1
Rh4 41. Kg1 Rg4+ 42. Kf1 Rh4 43. Kg1 Rg4+ 1/2-1/2

[Event "Titled Tue 1st Jul Late"]
[Site "chess.com INT"]
[Date "2025.07.01"]
[Round "7"]
[White "Shankland, Sam"]
[Black "Dzida, Kamil"]
[Result "1-0"]
[WhiteTitle "GM"]
[BlackTitle "IM"]
[WhiteElo "2666"]
[BlackElo "2411"]
[WhiteFideId "2004887"]
[BlackFideId "21828652"]
[EventDate "2025.07.01"]

1. c4 e5 2. g3 c6 3. Nf3 e4 4. Nd4 Qb6 5. e3 Nf6 6. Nc3 d5 7. cxd5 cxd5 8. d3
Bg4 9. Qb3 Nbd7 10. dxe4 dxe4 11. Qxb6 Nxb6 12. b3 Nbd5 13. Nxd5 Nxd5 14. Bg2
Nf6 15. O-O Be7 16. Bb2 O-O 17. Rac1 Rac8 18. Nb5 a6 19. Na7 Rc5 20. Bd4 Rxc1
21. Rxc1 Bd6 22. h3 Bf5 23. g4 Bg6 24. Nc8 Ba3 25. Rc2 Nd5 26. Nb6 Nb4 27. Rc7
Nc6 28. Bc3 Nd8 29. Nc4 Bc1 30. Nd6 Ba3 31. Nxe4 Ne6 32. Rxb7 Bxe4 33. Bxe4 Nc5
34. Re7 Na4 35. Rc7 Nxc3 36. Rxc3 a5 37. Bd5 g6 38. Rc7 Kg7 39. g5 h6 40. h4
hxg5 41. hxg5 Bd6 42. Ra7 Bb4 43. f4 Kg8 44. Kf2 Kg7 45. Kf3 Kg8 46. e4 Rc8 47.
Bxf7+ Kf8 48. Bc4 a4 49. f5 axb3 50. axb3 gxf5 51. exf5 Rc5 52. Kg4 Re5 53. g6
Re4+ 54. Kf3 Re3+ 55. Kxe3 Bc5+ 56. Ke4 Bxa7 57. f6 Bd4 58. g7+ Ke8 59. g8=Q+
Kd7 60. Qe6+ Kc7 61. Kxd4 1-0

[Event "Titled Tue 1st Jul Late"]
[Site "chess.com INT"]
[Date "2025.07.01"]
[Round "7"]
[White "Niemann, Hans Moke"]
[Black "Firouzja, Alireza"]
[Result "1-0"]
[WhiteTitle "GM"]
[BlackTitle "GM"]
[WhiteElo "2736"]
[BlackElo "2766"]
[WhiteFideId "2093596"]
[BlackFideId "12573981"]
[EventDate "2025.07.01"]

1. e4 c6 2. Nf3 d6 3. d3 e5 4. d4 Nd7 5. c4 Ngf6 6. Nc3 g6 7. Be2 Bg7 8. d5 Nc5
9. Qc2 O-O 10. Be3 Ng4 11. Bxc5 dxc5 12. h3 Nf6 13. O-O-O Qa5 14. Kb1 cxd5 15.
cxd5 b5 16. Bxb5 Nxe4 17. Nxe4 Qxb5 18. Qxc5 Qa4 19. Nc3 Bf5+ 20. Ka1 Qa6 21.
Qc6 Qa5 22. Qb5 Qd8 23. g4 Rb8 24. Qe2 Bd7 25. Rhe1 Qb6 26. Rd2 e4 27. Qxe4 Rfe8
28. Qb1 Rec8 29. Qd3 Qa5 30. Ne5 Rb7 31. f4 h6 32. Re3 Rcb8 33. Qd4 Rc8 34. a3
Qd8 35. d6 Qh4 36. Qe4 Rcb8 37. Nxd7 Rxd7 38. Qc6 Rbd8 39. Ne4 Kh7 40. Ka2 Kg8
41. Red3 Kh7 42. Nc5 1-0

[Event "Titled Tue 1st Jul Late"]
[Site "chess.com INT"]
[Date "2025.07.01"]
[Round "7"]
[White "Vijayakumar, Rishi"]
[Black "Yazici, Ugur Doga"]
[Result "1/2-1/2"]
[WhiteTitle "FM"]
[BlackTitle "CM"]
[WhiteElo "2333"]
[BlackElo "2161"]
[WhiteFideId "2408953"]
[BlackFideId "6363342"]
[EventDate "2025.07.01"]

1. d4 d5 2. c4 dxc4 3. Nf3 Nf6 4. e3 e6 5. Bxc4 c5 6. O-O a6 7. e4 b5 8. Be2 Bb7
9. a4 Nxe4 10. axb5 cxd4 11. Qc2 Nc5 12. Rd1 d3 13. Bxd3 Nxd3 14. Rxd3 Qb6 15.
Be3 Qxb5 16. Qc7 Be7 17. Nc3 Qc6 18. Qg3 O-O 19. Ne5 Qe8 20. Bh6 Bf6 21. Ng4 Qe7
22. Bf4 Bh4 23. Bd6 Qg5 24. Qh3 Rd8 25. g3 Qf5 26. Qxh4 Nc6 27. Rad1 Nb4 28. Re3
Nd5 29. Nxd5 Bxd5 30. Be5 f6 31. Nxf6+ gxf6 32. Bxf6 Rf8 33. Bc3 Kf7 34. f4 Ke8
35. Rde1 Kd7 36. Qh6 Qc2 37. Qg7+ Kc6 38. R3e2 Qd3 39. Re3 Qc2 40. R3e2 Qd3 41.
Re3 Qc2 1/2-1/2

[Event "Titled Tue 1st Jul Late"]
[Site "chess.com INT"]
[Date "2025.07.01"]
[Round "7"]
[White "Caruana, Fabiano"]
[Black "Ribeiro, Gustavo"]
[Result "1-0"]
[WhiteTitle "GM"]
[BlackTitle "FM"]
[WhiteElo "2777"]
[BlackElo "2314"]
[WhiteFideId "2020009"]
[BlackFideId "1941852"]
[EventDate "2025.07.01"]

1. d4 Nf6 2. Bg5 Ne4 3. Bf4 d5 4. e3 e6 5. Bd3 f5 6. Nf3 Bd6 7. O-O O-O 8. c4 c6
9. Nc3 Qc7 10. Bxd6 Qxd6 11. Ne5 Nd7 12. f4 Ndf6 13. Bxe4 fxe4 14. c5 Qc7 15. b4
Bd7 16. a4 Be8 17. Qd2 Nd7 18. h3 Nxe5 19. dxe5 Qe7 20. Ne2 a5 21. Nd4 b6 22.
Rfc1 g5 23. fxg5 bxc5 24. bxc5 Bd7 25. h4 Qg7 26. Rf1 Qxe5 27. Rab1 Qc7 28.
Rxf8+ Rxf8 29. Qe1 e5 30. Qg3 Rb8 31. Rf1 Rf8 32. Rf6 Qb8 33. Ne2 Be8 34. Kh2
Bh5 35. Ng1 Bg6 36. Rxc6 d4 37. Rd6 d3 38. Nh3 Re8 39. Nf2 Qc7 40. Ng4 Qxc5 41.
Nf6+ Kf8 42. Nxe8 Kxe8 43. Re6+ Kd8 44. Rxe5 Qd6 45. Re8+ Kd7 46. Rd8+ 1-0